[Event "Friends of Lumpy Bumpy Big Challenge no2"]
[Site "SchemingMind.com"]
[Date "2010.04.26"]
[Round "-"]
[White "bartleby en passant"]
[Black "Naoki_M"]
[Result "0-1"]
[WhiteCountry "IRL"]
[BlackCountry "JPN"]
[WhiteElo "1498"]
[WhiteRD "76"]
[BlackElo "1718"]
[BlackRD "74"]
[GameID "246542"]

1. d4 Nf6 2. c4 c5 3. d5 e6 4. dxe6 fxe6 5. Bg5 Be7 6. Nc3 O-O 7. e4 Nc6 8. Nf3 e5 9. Bxf6 Bxf6 10. Qd5+ Kh8
11. Qxc5 d6 12. Qd5 Nb4 13. Qd2 a5 14. a3 Nc6 15. O-O-O Nd4
0-1

[Event "Friends of Lumpy Bumpy Big Challenge no2"]
[Site "SchemingMind.com"]
[Date "2010.04.26"]
[Round "-"]
[White "loco61"]
[Black "bartleby en passant"]
[Result "1-0"]
[WhiteCountry "ENG"]
[BlackCountry "IRL"]
[WhiteElo "1642"]
[WhiteRD "67"]
[BlackElo "1559"]
[BlackRD "78"]
[GameID "246543"]

1. e4 Nc6 2. Nf3 e5 3. Bc4 Nf6 4. Nc3 Bb4 5. d3 Bxc3+ 6. bxc3 d6 7. h3 h6 8. Be3 O-O 9. Qd2 Nh7 10. g4 g5
11. h4 Kg7 12. hxg5 hxg5 13. Nxg5 Nf6 14. f3 Rh8 15. O-O-O Be6 16. Bxe6 fxe6 17. Nxe6+
1-0

[Event "Friends of Lumpy Bumpy Big Challenge no2"]
[Site "SchemingMind.com"]
[Date "2010.04.30"]
[Round "-"]
[White "capablanca"]
[Black "bartleby en passant"]
[Result "1-0"]
[WhiteCountry "GER"]
[BlackCountry "IRL"]
[WhiteElo "1694"]
[WhiteRD "56"]
[BlackElo "1498"]
[BlackRD "76"]
[GameID "246544"]

1. e4 Nc6 2. d4 e6 3. Nf3 Nf6 4. Nc3 Bb4 5. Qd3 Bxc3+ 6. bxc3 O-O 7. Ba3 d6 8. e5 Nd5 9. exd6 cxd6 10. c4 Ndb4
11. Qd2 a5 12. c3 Na6 13. Bd3 h6 14. O-O Nc7 15. Bc2 Re8 16. Rfe1 b6 17. Rab1 Rb8 18. Qd3 f5 19. d5 exd5 20. cxd5 Ne5
21. Nxe5 dxe5 22. Bb3 Bb7 23. d6+ Ne6 24. Rxe5 Qf6 25. Rbe1 Bc8 26. d7
1-0

[Event "Friends of Lumpy Bumpy Big Challenge no2"]
[Site "SchemingMind.com"]
[Date "2010.04.25"]
[Round "-"]
[White "echecs"]
[Black "bartleby en passant"]
[Result "1-0"]
[WhiteCountry "ENG"]
[BlackCountry "IRL"]
[WhiteElo "1838"]
[WhiteRD "59"]
[BlackElo "1559"]
[BlackRD "78"]
[GameID "246547"]

1. b4 e5 2. Bb2 Bxb4 3. Bxe5 Nf6 4. Nf3 d6 5. Bb2 Nc6 6. e3 a6 7. Nc3 Bg4 8. Be2 Bxc3 9. Bxc3 h6 10. h3 Bxf3
11. Bxf3 O-O 12. O-O Qe7 13. Qb1 Rab8 14. Qb2 b5 15. Bxc6
1-0

[Event "Friends of Lumpy Bumpy Big Challenge no2"]
[Site "SchemingMind.com"]
[Date "2010.04.25"]
[Round "-"]
[White "David Hartley"]
[Black "bartleby en passant"]
[Result "1-0"]
[WhiteCountry "ENG"]
[BlackCountry "IRL"]
[WhiteElo "1775"]
[WhiteRD "60"]
[BlackElo "1498"]
[BlackRD "76"]
[GameID "246548"]

1. e4 e5 2. Nf3 Nf6 3. Nxe5 d6 4. Nf3 Nxe4 5. d4 Nf6 6. Nc3 Bg4 7. Be2 Bxf3 8. Bxf3 c6 9. O-O Be7 10. Re1 O-O
11. Bg5 h6 12. Bh4 g5 13. Bg3 d5 14. Qd3
1-0

[Event "Friends of Lumpy Bumpy Big Challenge no2"]
[Site "SchemingMind.com"]
[Date "2010.04.26"]
[Round "-"]
[White "Clive Everill"]
[Black "bartleby en passant"]
[Result "1-0"]
[WhiteCountry "CZE"]
[BlackCountry "IRL"]
[WhiteElo "1694"]
[WhiteRD "50"]
[BlackElo "1559"]
[BlackRD "78"]
[GameID "246549"]

1. e4 e5 2. Nc3 Nf6 3. f4 Nc6 4. fxe5 Nxe5 5. d4 Nc6 6. e5 Ng8 7. Nf3 Bb4 8. Bc4 Bxc3+ 9. bxc3 h6 10. Ba3 Nge7
11. O-O d5 12. exd6 cxd6 13. Nh4 O-O 14. Qh5 Qe8 15. Ng6 Nxg6 16. Qxg6 Qe3+ 17. Kh1
1-0

[Event "Friends of Lumpy Bumpy Big Challenge no2"]
[Site "SchemingMind.com"]
[Date "2010.04.30"]
[Round "-"]
[White "Kobiahshi"]
[Black "bartleby en passant"]
[Result "1-0"]
[WhiteCountry "USA"]
[BlackCountry "IRL"]
[WhiteElo "1604"]
[WhiteRD "64"]
[BlackElo "1498"]
[BlackRD "76"]
[GameID "246550"]

1. e4 e5 2. Nf3 Nf6 3. Nc3 Nc6 4. Bb5 a6 5. Bxc6 dxc6 6. Nxe5 Bd6 7. Nf3 O-O 8. d3 h6 9. Be3 Bb4 10. O-O Bxc3
11. bxc3 b5 12. Qd2 Bg4 13. Ne5 Qd6 14. Bf4
1-0

[Event "Friends of Lumpy Bumpy Big Challenge no2"]
[Site "SchemingMind.com"]
[Date "2010.04.26"]
[Round "-"]
[White "Naoki_M"]
[Black "bartleby en passant"]
[Result "1-0"]
[WhiteCountry "JPN"]
[BlackCountry "IRL"]
[WhiteElo "1718"]
[WhiteRD "74"]
[BlackElo "1498"]
[BlackRD "76"]
[GameID "246551"]

1. e4 e5 2. Nf3 Nf6 3. Nc3 Nc6 4. g3 Bb4 5. Bg2 Bxc3 6. dxc3 d6 7. O-O O-O 8. Bg5 h6 9. Bxf6 Qxf6 10. b4 b5
11. Nh4 Ne7 12. a4 bxa4 13. Rxa4 Bd7 14. Ra1 g5 15. Nf3 Qg6 16. Re1
1-0